000 00772nam a22002417a 4500
003 UA-OsUOA
001 29063
007 ta
008 20050524b un ||||| |||| 00| 0 ukr d
100 _aДатнер Ш.
090 _a94(4)"1939/1945"
_bД20
942 _cBK
040 _aUA-OsUOA
_brus
_cUA-OsUOA
_dUA-OsUOA
245 _aПреступления немецко-фашистского вермахта в отношении военнопленных во Второй мировой войне
300 _a485 с.
955 _a0
041 _arus
080 _a94(4)"1939/1945"
260 _aМосква
_bИздательство иностранной литературы
_c1963
044 _aRU
650 7 _2UDC
999 _c315442
_d315442